Statistics for Brighton & Hove Albion Squad 2019-2020

Click here to take the quiz!

General Stats

  • This quiz has been taken 8 times
  • The average score is 20 of 30

Answer Stats

#PositionNationPlayer% Correct
18MFAustraliaAaron Mooy
100%
1GKAustraliaMathew Ryan
100%
7FWFranceNeal Maupay
100%
13MFGermanyPascal Groß
100%
8MFMaliYves Bissouma
100%
10MFArgentinaAlexis Mac Allister
88%
11FWBelgiumLeandro Trossard
88%
5DFEnglandLewis Dunk
88%
4DFIrelandShane Duffy
88%
44FWIrelandAaron Connolly
75%
24MFNetherlandsDavy Pröpper
75%
19FWColombiaJosé Izquierdo
75%
20MFEnglandSolly March
75%
15DFEnglandAdam Webster
63%
16FWIranAlireza Jahanbakhsh
63%
30DFBrazilBernardo
63%
-CoachEnglandGraham Potter
63%
22DFSpainMartín Montoya
63%
46MFColombiaSteven Alzate
63%
2DFEnglandTariq Lamptey
63%
25MFIsraelBeram Kayal
50%
6MFEnglandDale Stephens
50%
33DFEnglandDan Burn
50%
3DFCameroonGaëtan Bong
50%
23GKEnglandJason Steele
50%
27GKEnglandDavid Button
38%
21DFItalyEzequiel Schelotto
38%
14DFNigeriaLeon Balogun
38%
28MFRomaniaTudor Băluță
38%
17FWEnglandGlenn Murray
25%

Score Distribution

Percentile by Number Answered

Percent of People with Each Score

Your Score History

You have not taken this quiz